Central Library OPAC University of Rajshahi

Biological systems / (Record no. 12014)

MARC details
000 -LEADER
fixed length control field 00685cam a22002292 4500
001 - CONTROL NUMBER
control field 12014
003 - CONTROL NUMBER IDENTIFIER
rucl marc code BD-RjUL
005 - DATE AND TIME OF LATEST TRANSACTION
control field 20211208235224.0
008 - FIXED-LENGTH DATA ELEMENTS--GENERAL INFORMATION
fixed length control field 140127s1969 paua 001 0 eng d
035 ## - SYSTEM CONTROL NUMBER
System control number (BD-RjUL)12063
-- OCLC ocm00004612 from D970828M
040 ## - CATALOGING SOURCE
Original cataloging agency DLC
Transcribing agency DLC
Modifying agency OCL
-- UKM
-- EQO
-- BD-RjUL
Language of cataloging eng
041 ## - LANGUAGE CODE
Language code of text/sound track or separate title eng
082 00 - DEWEY DECIMAL CLASSIFICATION NUMBER
Classification number 570
Author mark and year GEB 1969
100 1# - MAIN ENTRY--PERSONAL NAME
Personal name Gerking, Shelby Delos,
Dates associated with a name 1918-
9 (RLIN) 37230
245 10 - TITLE STATEMENT
Title Biological systems /
Statement of responsibility, etc. by Shelby D. Gerking.
260 ## - PUBLICATION, DISTRIBUTION, ETC. (IMPRINT)
Place of publication, distribution, etc. Philadelphia :
Name of publisher, distributor, etc. W. B. Saunders,
Date of publication, distribution, etc. 1969.
300 ## - PHYSICAL DESCRIPTION
Pagination xiv, 480 p. :
Illustrations illus., (part col.)
Size 27 cm.
504 ## - BIBLIOGRAPHY, ETC. NOTE
Bibliography, etc Includes index.
650 #0 - SUBJECT ADDED ENTRY--TOPICAL TERM
Topical term or geographic name as entry element Biology.
9 (RLIN) 37231
942 ## - ADDED ENTRY ELEMENTS (KOHA)
Source of classification or shelving scheme Dewey Decimal Classification
Koha item type Books
Holdings
Lost status Source of classification or shelving scheme Damaged status Not for loan Collection code Permanent Location Current Location Shelving location Date acquired Source of acquisition Cost, normal purchase price Total Checkouts Full call number Date last seen Copy number Koha item type
  Dewey Decimal Classification     Non-fiction Central Library, University of Rajshahi Central Library, University of Rajshahi   14/08/1981 Tulip Ent. Dhaka. 6.67   570 GEB 1969 27/01/2014 C-3 Books
  Dewey Decimal Classification   Not For Loan Non-fiction Central Library, University of Rajshahi Central Library, University of Rajshahi Reading Room 14/08/1981 Tulip Enterprise, Dacca 6.67   570 GEB 1969 10/04/2017 C-1 Books
  Dewey Decimal Classification     Non-fiction Central Library, University of Rajshahi Central Library, University of Rajshahi   14/08/1981 Tulip Ent. 6.67   570 GEB 1969 23/05/2017 C-2 Books